[Event "38th World Open"]
[Site "King of Prussia USA"]
[Date "2010.07.04"]
[Round "7"]
[White "Ivanov,AV USA"]
[Black "Norowitz,Yaacov"]
[Result "0-1"]
[WhiteElo "2538"]
[BlackElo "2351"]
[EventDate "2010.06.29"]

1. e4 c6 2. d4 d5 3. e5 Bf5 4. h4 Qb6 5. Nc3 a6 6. Nge2 e6 7. Ng3 Ne7 8.
Na4 Qa7 9. Nc5 h6 10. c3 Bh7 11. Bd3 Bxd3 12. Nxd3 Nd7 13. O-O c5 14. dxc5
Nxc5 15. Be3 b6 16. Bxc5 bxc5 17. Qa4+ Qd7 18. Qxd7+ Kxd7 19. Nxc5+ Ke8 20.
Nd3 h5 21. Ne2 Nf5 22. g3 g6 23. Nd4 Rc8 24. Nxf5 gxf5 25. Kg2 Be7 26. Rad1
Rc4 27. Nf4 Re4 28. Rfe1 Ra4 29. a3 Kd7 30. Re2 Kc6 31. Rc2 Re4 32. Nd3 Rg8
33. Kf3 Kb5 34. b3 Rc8 35. a4+ Kb6 36. Rdd2 Bf8 37. Kg2 Bh6 38. f4 Bf8 39.
Nf2 Re1 40. Nd3 Rb1 41. Nb2 Ba3 42. c4 Bxb2 43. Rxb2 Rxb2 44. Rxb2 d4 45.
Kf2 Ka5 46. Ke2 Rg8 47. b4+ Kxa4 48. Kd3 Ka3 49. Rb1 Ka2 50. Rg1 Rd8 51. c5
Kb2 52. Rg2+ Kb3 53. Rc2 Kxb4 54. c6 Rc8 55. Kxd4 Kb5 56. c7 Kb6 57. Rb2+
Kxc7 58. Kc5 Kd7+ 59. Kd4 Kc7 60. Rc2+ 0-1